000 00935nam a22002777a 4500
008 081128t xxu||||| |||| 00| 0 eng d
010 _aENG-91907
020 _a9788171324170
_c700.00
020 _a8171324177
_c700.00
035 _aEN-75440
037 _bDBAD / PUB
040 _adpl
_bEnglish
082 _a113
100 _aAsthana, N.C.
245 _aTruth beyond science /
_cby N.C. Asthana
260 _aJaipur
_bPointer Publishers
_c2005
270 _aVyas Building , SMS Highway,
_bJaipur
_e302003
300 _axxv, 251p.:
_c22cm (Hb)
_bill.
500 _aIncludes bibliographical references and index
650 _aCosmology.
650 _aScience
_xPhilosophy.
650 _aHuman beings.
650 _aExperience.
942 _2ddc
_cEN
_mAST
_h113
999 _c19288
_d19288